L'Europe après le Congrès d'Aix-la-Chapelle, paisant suite au Congrès de Vienne / (Record no. 162527)

MARC details
000 -LEADER
campo de control de longitud fija 00763nam a22001815i 4500
001 - NÚMERO DE CONTROL
campo de control 162527
003 - IDENTIFICADOR DE NÚMERO DE CONTROL
campo de control ES-MaACL
005 - FECHA Y HORA DE LA ÚLTIMA TRANSACCIÓN
campo de control 20230906212539.0
008 - DATOS DE LONGITUD FIJA--INFORMACIÓN GENERAL
campo de control de longitud fija 990727s1819 fr |||| | fre d
040 ## - FUENTE DE CATALOGACIÓN
Centro catalogador/agencia de origen CCPB | B
Lengua de catalogación spa
Centro/agencia transcriptor CCPB | B
100 1# - ENTRADA PRINCIPAL--NOMBRE DE PERSONA
Nombre de persona Pradt, Dominique Dufour
Títulos y otros términos asociados al nombre Baron de (
Fechas asociadas al nombre 1759-1837)
9 (RLIN) 131340
245 12 - MENCIÓN DEL TÍTULO
Título L'Europe après le Congrès d'Aix-la-Chapelle, paisant suite au Congrès de Vienne /
Mención de responsabilidad, etc. par M. de Pradt.
260 ## - PUBLICACIÓN, DISTRIBUCIÓN, ETC.
Lugar de publicación, distribución, etc. Paris :
Nombre del editor, distribuidor, etc. F. Béchet Ainé, libraire-éditeur ;
Lugar de publicación, distribución, etc. Bruxelles :
Nombre del editor, distribuidor, etc. Lecharlier, libr. :
-- Demat, libr.,
Fecha de publicación, distribución, etc. 1819 (
Fabricante J.-L. Chanson)
300 ## - DESCRIPCIÓN FÍSICA
Extensión XXVII, 378 p. ;
Dimensiones 20 cm.
597 ## - NOTA DE DESCRIPCIÓN FÍSICA
NOTA DE DESCRIPCIÓN FÍSICA Antep.
651 ## - PUNTO DE ACCESO ADICIONAL DE MATERIA--NOMBRE GEOGRÁFICO
Nombre geográfico Europa-
Subdivisión general Historia.
9 (RLIN) 8599
852 ## - LOCALIZACIÓN
Ubicación ES-MaACL
Número de control de estantería C-3838
Nota libre -- Enc. hol.
Encuadernación -- Edic.: corregir en tít.: "faisant" por "paisant"
Holdings
Estatus retirado Estado de pérdida Estado de daño No para préstamo Colección Biblioteca de origen Biblioteca actual Ubicación en estantería Fecha de adquisición Fuente de adquisición Total de préstamos Signatura topográfica completa Código de barras Visto por última vez Precio de reemplazo Tipo de ítem Koha
        Libros del s. XIX Biblioteca del Ateneo de Madrid Biblioteca del Ateneo de Madrid Depósito 2 17/01/2008     C-3838 1170268 23/02/2023 23/02/2023 Libro impreso antiguo